000 00345pab a2200145 454500
008 180718b1995 xxu||||| |||| 00| 0 eng d
100 _aTrikha, N.K.
245 _aHung assembles
_bvot of rejection
260 _c1995
300 _ap.8
362 _a10 Mar
650 _aLegislative bodies - India
773 _aIndian Express
909 _a28320
999 _c28320
_d28320